MARC

LEADER 00000nam0a2200000 4500
001 155714
005 20231031152539.0
010 |a 5247023730 
020 |a RU  |b 92-13406 
035 |a (RuTPU)RU\TPU\book\168894 
090 |a 155714 
100 |a 20090318d1991 km y0rusy5003 ca 
101 0 |a rus 
102 |a RU 
105 |a a z 001zy 
200 1 |a Предупреждение осложнений в кинетике буровых процессов  |f М. К. Сеид-Рза, Т. Г. Фараджев, Р. А. Гасанов 
210 |a Москва  |c Недра  |d 1991 
215 |a 272 с.  |c ил. 
320 |a Библиогр.: с. 271-272. 
610 1 |a буровые процессы 
610 1 |a кинетика 
610 1 |a предупреждение осложнений 
610 1 |a устойчивость 
610 1 |a деформации 
610 1 |a экспериментальные исследования 
610 1 |a классификация 
610 1 |a оптимизация 
610 1 |a проектирование 
675 |a 622.24  |v 3 
700 1 |a Сеид-Рза  |b М. К.  |g Мир Керим оглы  |4 070 
701 1 |a Фараджаев  |b Т. Г.  |g Тарлан Гусейн оглы 
701 1 |a Гасанов  |b Р. А.  |g Рамиз Алиш оглы 
801 0 |a RU  |b RuMRKP  |c 19950417  |g psbo 
801 1 |a RU  |b 63413507  |c 20090318  |g PSBO 
801 2 |a RU  |b 63413507  |c 20151105  |g PSBO 
942 |c BK